An introduction to Business Ethics (Record no. 34605)

MARC details
000 -LEADER
fixed length control field 00349nam a2200133Ia 4500
008 - FIXED-LENGTH DATA ELEMENTS--GENERAL INFORMATION
fixed length control field 231019s9999 xx 000 0 und d
082 ## - DEWEY DECIMAL CLASSIFICATION NUMBER
Classification number 174.4
Item number AKR-A
100 ## - MAIN ENTRY--AUTHOR
Author Name Dr.Mian Muhammad Akram
245 #3 - TITLE STATEMENT
Title An introduction to Business Ethics
260 ## - PUBLICATION, DISTRIBUTION, ETC.
Place of Publication Lahore, Pakistan
Name of publisher, distributor, etc. Ilmi Kitab Khana
Date of publication, distribution, etc. 2015
300 ## - PHYSICAL DESCRIPTION
Pages 123
650 ## - SUBJECT ADDED ENTRY--TOPICAL TERM
Subject / Department Business

No items available.

Powered by Koha